000 00251nam a2200109Ia 4500
008 220204s9999 xx 000 0 und d
082 _a82-3
_bSHU;1
100 _aShulman, A K
245 0 _aBurning questions
260 _aNew York
_bBantam
942 _cBK
999 _c35160
_d35160